The effects generated by events on destination dynamics and topology; Current Issues in Tourism; Vol. 23, iss. 14

Dades bibliogràfiques
Parent link:Current Issues in Tourism
Vol. 23, iss. 14.— 2019.— [P. 1788-1804]
Autor principal: Sainaghi R. Ruggero
Autor corporatiu: Национальный исследовательский Томский политехнический университет Школа базовой инженерной подготовки Отделение социально-гуманитарных наук
Altres autors: Baggio R. Rodolfo
Sumari:Title screen
This study investigates the effects generated by a mega-event (the World Expo 2015) on a destination (Milan), using network analytic methods. The horizontal visibility graph was used to transform the time series into a network. Two hypotheses are tested: first, the ability of the Milan Expo to generate a turning point; second, the ability of this event to increase the system’s stability. The findings are based on a longitudinal analysis (2004–2017) of three widely used metrics: occupancy, average daily rate, and revenue per available room. The empirical pieces of evidence confirm both hypotheses. The Milan Expo has generated a positive turning point increasing the system stability. In the conclusion section, some theoretical and practical advancements are proposed, along with the implications for future research, and the main study limitations.
Режим доступа: по договору с организацией-держателем ресурса
Idioma:anglès
Publicat: 2019
Matèries:
Accés en línia:https://doi.org/10.1080/13683500.2019.1650007
Format: MixedMaterials Electrònic Capítol de llibre
KOHA link:https://koha.lib.tpu.ru/cgi-bin/koha/opac-detail.pl?biblionumber=661184

MARC

LEADER 00000naa0a2200000 4500
001 661184
005 20250414134614.0
035 |a (RuTPU)RU\TPU\network\31440 
035 |a RU\TPU\network\30833 
090 |a 661184 
100 |a 20191122d2019 k||y0rusy50 ba 
101 0 |a eng 
102 |a GB 
135 |a drcn ---uucaa 
181 0 |a i  
182 0 |a b 
200 1 |a The effects generated by events on destination dynamics and topology  |f R. Sainaghi, R. Baggio 
203 |a Text  |c electronic 
300 |a Title screen 
320 |a [References: 98 tit.]. 
330 |a This study investigates the effects generated by a mega-event (the World Expo 2015) on a destination (Milan), using network analytic methods. The horizontal visibility graph was used to transform the time series into a network. Two hypotheses are tested: first, the ability of the Milan Expo to generate a turning point; second, the ability of this event to increase the system’s stability. The findings are based on a longitudinal analysis (2004–2017) of three widely used metrics: occupancy, average daily rate, and revenue per available room. The empirical pieces of evidence confirm both hypotheses. The Milan Expo has generated a positive turning point increasing the system stability. In the conclusion section, some theoretical and practical advancements are proposed, along with the implications for future research, and the main study limitations. 
333 |a Режим доступа: по договору с организацией-держателем ресурса 
461 |t Current Issues in Tourism 
463 |t Vol. 23, iss. 14  |v [P. 1788-1804]  |d 2019 
610 1 |a электронный ресурс 
610 1 |a труды учёных ТПУ 
610 1 |a Milan Expo 
610 1 |a complex theory 
610 1 |a network topology 
610 1 |a system dynamics 
610 1 |a horizontal visibility graph 
610 1 |a turning points 
700 1 |a Sainaghi  |b R.  |g Ruggero 
701 1 |a Baggio  |b R.  |c Italian expert, philosopher  |c Professor of Tomsk Polytechnic University, candidate of philosophical Sciences  |f 1951-  |g Rodolfo  |3 (RuTPU)RU\TPU\pers\39762 
712 0 2 |a Национальный исследовательский Томский политехнический университет  |b Школа базовой инженерной подготовки  |b Отделение социально-гуманитарных наук  |3 (RuTPU)RU\TPU\col\23512 
801 2 |a RU  |b 63413507  |c 20200709  |g RCR 
850 |a 63413507 
856 4 0 |u https://doi.org/10.1080/13683500.2019.1650007 
942 |c CF